The history of farting / (Запис № 506876)

МАРК-запис
000 -LEADER
fixed length control field 01546cam a2200409 a 4500
001 - CONTROL NUMBER
control field historyoffarting00bart
003 - CONTROL NUMBER IDENTIFIER
control field CaSfIA
005 - DATE AND TIME OF LATEST TRANSACTION
control field 20210118100326.0
007 - PHYSICAL DESCRIPTION FIXED FIELD--GENERAL INFORMATION
fixed length control field cr||||
008 - FIXED-LENGTH DATA ELEMENTS--GENERAL INFORMATION
fixed length control field 980624s1995 enka 000 0 eng c
040 ## - CATALOGING SOURCE
Original cataloging agency Uk
Transcribing agency PUL
Modifying agency UKV3G
-- UKM
-- BAKER
-- CaSfIA
015 ## - NATIONAL BIBLIOGRAPHY NUMBER
National bibliography number GB95-75222
019 ## -
-- 33404021
020 ## - INTERNATIONAL STANDARD BOOK NUMBER
International Standard Book Number 1854797549 (pbk)
020 ## - INTERNATIONAL STANDARD BOOK NUMBER
International Standard Book Number 9781854797544 (pbk)
020 ## - INTERNATIONAL STANDARD BOOK NUMBER
International Standard Book Number 1854797549
020 ## - INTERNATIONAL STANDARD BOOK NUMBER
International Standard Book Number 9781854797544
035 ## - SYSTEM CONTROL NUMBER
System control number (OCoLC)60245113
Canceled/invalid control number (OCoLC)33404021
042 ## - AUTHENTICATION CODE
Authentication code pcc
050 #0 - LIBRARY OF CONGRESS CALL NUMBER
Classification number PN6231.F55
Item number B37 1995
082 00 - DEWEY DECIMAL CLASSIFICATION NUMBER
Classification number 828.91407
Edition number 20
029 1# - (OCLC)
OCLC library identifier UKM
System control number b9575222
029 1# - (OCLC)
OCLC library identifier AU@
System control number 000011711098
029 1# - (OCLC)
OCLC library identifier UNITY
System control number 006157238
029 1# - (OCLC)
OCLC library identifier UKCCC
System control number 1854797549
100 1# - MAIN ENTRY--PERSONAL NAME
Personal name Bart, Benjamin.
245 14 - TITLE STATEMENT
Title The history of farting /
Medium [electronic resource]
Statement of responsibility, etc by Benjamin Bart.
260 ## - PUBLICATION, DISTRIBUTION, ETC. (IMPRINT)
Place of publication, distribution, etc London :
Name of publisher, distributor, etc M. O'Mara,
Date of publication, distribution, etc 1995.
300 ## - PHYSICAL DESCRIPTION
Extent 160 p. :
Other physical details ill. ;
Dimensions 12 x 16 cm.
506 ## - RESTRICTIONS ON ACCESS NOTE
Standardized terminology for access restriction Необхідна авторизація на https://archive.org/ (створення облікового запису безкоштовно)
506 ## - RESTRICTIONS ON ACCESS NOTE
Standardized terminology for access restriction Необхідна авторизація на https://openlibrary.org/ (створення облікового запису безкоштовно)
650 #0 - SUBJECT ADDED ENTRY--TOPICAL TERM
Topical term or geographic name as entry element Flatulence
General subdivision Humor.
653 0# - INDEX TERM--UNCONTROLLED
Uncontrolled term English prose
856 41 - ELECTRONIC LOCATION AND ACCESS
Uniform Resource Identifier <a href="http://www.archive.org/details/historyoffarting00bart">http://www.archive.org/details/historyoffarting00bart</a>
Public note Free eBook from the Internet Archive
856 42 - ELECTRONIC LOCATION AND ACCESS
Uniform Resource Identifier <a href="http://www.openlibrary.org/books/OL8991049M">http://www.openlibrary.org/books/OL8991049M</a>
Public note Additional information and access via Open Library
942 ## - ADDED ENTRY ELEMENTS (KOHA)
Koha item type ЕКнига

Немає доступних примірників.